Advocacy (Record no. 108912)

MARC details
000 -LEADER
fixed length control field 01501cam a22002655a 4500
001 - CONTROL NUMBER
control field L145771
008 - FIXED-LENGTH DATA ELEMENTS--GENERAL INFORMATION
fixed length control field 081106s2007 xxk f 001 0 eng d
020 ## - INTERNATIONAL STANDARD BOOK NUMBER
International Standard Book Number 9780521884761
035 ## - SYSTEM CONTROL NUMBER
System control number (Sirsi) u145771
041 0# - LANGUAGE CODE
Language code of text/sound track or separate title eng
050 04 - LIBRARY OF CONGRESS CALL NUMBER
Classification number 347.42052 $2 18
100 1# - MAIN ENTRY--PERSONAL NAME
Personal name Ross, David
245 00 - TITLE STATEMENT
Title Advocacy
250 ## - EDITION STATEMENT
Edition statement 2nd ed.
260 ## - PUBLICATION, DISTRIBUTION, ETC.
Place of publication, distribution, etc. Cambridge
Name of publisher, distributor, etc. Cambridge University Press
Date of publication, distribution, etc. 2007
300 ## - PHYSICAL DESCRIPTION
Extent xi, 180p.
Dimensions 22cm.
350 ## - PRICE (NR) (BK AM CF MU VM SE) [OBSOLETE]
Price 17.99
505 2# - FORMATTED CONTENTS NOTE
Formatted contents note The nature of advocacy -- Preparation -- Witnesses and questions: witnesses; questions -- Examination-in-chief -- Cross examination, its qualities -- Cross-examination, method and style -- Cross-examination of experts -- Cross-examination on documents -- Re-examination -- Admissibility, objections and submissions: admissibility; objections; submissions -- The addresses: opening address; closing address; prosecution closing; defence closing -- Plea in mitigation -- Appeals -- Legal writing -- Etiquette and ethics
520 ## - SUMMARY, ETC.
Summary, etc. Book addresses advocacy techniques, looking at cross-examination, how to address a jury, ethics and winning 'impossible' cases. This second edition includes advice on the preparation and practice of appeals and how to write effective legal submissions. Will be of use to legal practitioners and students.
521 ## - TARGET AUDIENCE NOTE
Target audience note Advanced
590 ## - LOCAL NOTE (RLIN)
Local note KA
651 #4 - SUBJECT ADDED ENTRY--GEOGRAPHIC NAME
Geographic name United Kingdom
Chronological subdivision
690 ## - LOCAL SUBJECT ADDED ENTRY--TOPICAL TERM (OCLC, RLIN)
Topical term or geographic name as entry element MANAGEMENT-DISPUTE AVOIDANCE, MANAGEMENT AND RESOLUTION-DISPUTE MANAGEMENT AND RESOLUTION-ADVOCACY
942 ## - ADDED ENTRY ELEMENTS (KOHA)
Suppress in OPAC 0
Holdings
Withdrawn status Lost status Source of classification or shelving scheme Damaged status Not for loan Home library Current library Shelving location Date acquired Cost, normal purchase price Total Checkouts Full call number Barcode Date last seen Copy number Cost, replacement price Price effective from Koha item type
    Dewey Decimal Classification     London London Books 06/11/2008 17.09   347.42052 ROS 30076227 06/08/2019 1 17.09 06/08/2019 Book